That way - Tate McRae ( All Lyrics ) - Statistics

General Stats
  • This quiz has been taken 221 times
  • The average score is 284 of 323
Answer Stats
% Correct
do
99%
that
99%
way
99%
don't
98%
at
97%
friends
97%
Friends
97%
I
97%
look
97%
you
97%
You
97%
the
96%
we
96%
We
96%
But
95%
but
95%
we're
95%
where
95%
say
94%
no
93%
catching
92%
I'm
92%
it
92%
It
92%
room
92%
what
92%
across
91%
with
90%
fighting
89%
I'll
88%
makes
88%
over
88%
sense
88%
And
87%
me
87%
there's
87%
'Cause
86%
'cause
86%
know
86%
are
85%
end
85%
Like
85%
like
85%
my
85%
So
85%
so
85%
up
85%
to
84%
in
83%
breaking
82%
heart
82%
act
81%
always
81%
being
81%
can
81%
dark
81%
just
81%
when
81%
mean
80%
even
79%
happen
79%
part
79%
play
78%
it's
77%
never
77%
bad
76%
gonna
76%
on
76%
start
76%
circles
75%
purpose
75%
Said
75%
kissed
74%
time
74%
Run
73%
Every
72%
Mess
72%
Then
72%
hurts
71%
talk
71%
almost
69%
hang
69%
love
69%
was
69%
Can't
65%
can't
65%
hate
64%
if
64%
more
64%
onto
63%
tell
63%
or
62%
got
57%
keeping
57%
score
56%
addicted
54%
who's
54%
You've
52%
Mm
25%
mm
25%
No matching quizzes found
Score Distribution
Percent of People with Each Score
Percentile by Number Answered
Your Score History
You have not taken this quiz